01243cam a2200277 a 450000100100000000500170001000800410002702000150006804000250008308200180010824500830012626001130020930000390032250400550036165100460041665000530046265000690051565100430058470000420062770000390066970000540070870000320076270000350079495201210082999900150095000000667920200929153956.0000328s1998 sp ab b f000 0 spa  a8477903182 aDO-SdBNPbspacBNPHU a959.916bM27800aManila, 1571-1898 :bOccidente en Oriente /c[Javier Aguilera Rojas...et al.]. a[Madrid, España] :bMinisterio de Fomento, Secretaría General Técnica, Centro de Publicaciones,c1998. axv, 317 p. :bil., mapas ;c29 cm. aIncluye referencias bibliográficas (p. 293-300). 4aManila (Filipinas{Rpara}xHistoria918603 4aEdificios históricoszFilipinaszManila918604 4aPlanificación de la ciudadzFilipinaszManilaxHistoria918605 4aFilipinasxHistoriay1521-1898.9186061 aAguilera Rojas, Javier,d1947-9186071 aVillalonga Campos, Fernando9186081 aIbáñez Martín, Víctor Calvo Soleto9186091 aGala Muñoz, Manuel9186101 aOrtíz Armengol, Pedro918611 001054708MOaGRbGRcCTd2009-09-01iLF1l0o959.916 M278p6679-10r2020-06-25w2020-06-25y4ZPréstamo en sala c6468d6468